00657nam a2200181Ia 4500001000600000003000500006008004100011010001100052040000900063100003000072245017000102260004100272300001000313502008100323650002100404650001500425650003500440Z_648CHAP220113s1985 xx 000 0 und d a163759 cCHAP aSánchez de Anda, Arturo aDeterminación de la concentración de cobre en hígado y suero sanguíneo de bovinos alimentados con altos niveles de gallinaza /cpor Arturo Sánchez de Anda aChapingo, Méx. :bEl autor,c1985 a79 h. aTesis (Ing. Agrónomo Esp. en Zootecnia) -- UACH. Departamento de Zootecnia aCobrexToxicidad aGallinaza  aGanado vacunoxAlimentación